[Event "Buenos Aires Szmetan/Giardelli-A"]
[Site "Buenos Aires"]
[Date "2019.12.08"]
[Round "8.2"]
[White "Mareco, Sandro"]
[Black "Ricardi, Pablo"]
[Result "1/2-1/2"]
[WhiteElo "2634"]
[BlackElo "2493"]
[Annotator "Lorenzini,Martin"]
[PlyCount "109"]
[EventDate "2019.12.01"]
[EventType "tourn"]
[EventRounds "11"]
[EventCountry "ARG"]
[EventCategory "13"]
[SourceTitle "CBM 195 Extra"]
[Source "ChessBase"]
[SourceDate "2020.05.31"]
[SourceVersion "1"]
[SourceVersionDate "2020.05.31"]
[SourceQuality "1"]

1. Nf3 Nf6 2. c4 e6 3. g3 d5 4. Bg2 Be7 5. O-O O-O 6. d4 {The subtle order
chosen by White transposes into a Catalan opening, and it does not give Black
the chance to choose the variations with ...Bb4+.} c6 7. b3 b6 8. Bb2 Bb7 {
This is an interesting moment in which Black chooses the plan. Other
variations are to develop the black bishop to a6 or the move a5. With the
black pawn on a5, sometimes it is convenient to delay the development of the
knight b8, choosing between the squares d7 and a6.} (8... a5 9. Nbd2 (9. Nc3
Ba6 10. Nd2 b5 11. Re1 Ra7 12. e3 Nbd7 13. Rc1 Qb8 $11 {Dogan, N. - Baklan, V.,
0-1, 7th Cesme Open A 2019.}) 9... a4 10. bxa4 Nbd7 11. cxd5 cxd5 12. Qb3 Bb7
13. Rac1 Ra7 14. Nb1 Ba6 15. Nc3 Ne4 16. Nxe4 dxe4 17. Nd2 Bxe2 18. Rfe1 $11 {
Gunina, V. - Vallejo Pons, F., 1-0, Eurasian Blitz Chess Cup, 2016.}) (8... Ba6
9. Nbd2 Nbd7 10. Qc2 Rc8 11. Rfd1 h6 (11... c5 12. dxc5 (12. e4 cxd4 13. exd5
exd5 14. Nxd4 {Epishin, Vladimir - Drasko, Milan, 1/2-1/2, Cutro op-A 15th,
2009.}) 12... Bxc5 13. e3 Qe7 14. Ne5 Nxe5 15. Bxe5 Bb7 16. Qb2 Rfd8 {
Christiansen, Larry Mark - Adams, Michael, 0-1, Las Palmas, 1993.}) 12. Rac1
Bb7 13. e4 dxe4 14. Nxe4 Qc7 15. Ne5 Rfd8 $14 {Fressinet, L. - Alonso Rosell,
A., 1/2-1/2, Chess24 Banter Blitz Cup, 2019.}) (8... Nbd7 9. Qc2 Bb7 10. Nc3
Rc8 11. e4 Nxe4 12. Nxe4 dxe4 13. Qxe4 Nf6 14. Qc2 c5 15. Rad1 cxd4 16. Rxd4
Qc7 17. Rfd1 Rfd8 18. Qe2 h6 19. Ne5 {Mamedyarov, S. - Vitiugov, N., 1-0,
TCh-RUS Men 2017.}) 9. Nc3 Nbd7 (9... Na6 10. e3 Rc8 (10... c5 11. Qe2 dxc4 12.
bxc4 Qc8 13. Rfd1 Rd8 14. Rac1 Ne4 {Volkov, Sergey1 - Sivuk, V., 1-0,
Panchenko Mem Open 2019.}) 11. Qe2 Qc7 12. Rfd1 Qb8 13. e4 Nc7 14. Ne5 Qa8 15.
Nd3 c5 {Horvath, Csaba - Howell, David, 0-1, Leiden LCT op-A 6th, 2012.}) 10.
Rc1 (10. e3 Rc8 11. Qe2 Qc7 12. Rfd1 Rfe8 13. Rac1 Qb8 14. Ne5 h6 15. f4 Red8
16. g4 Nxe5 17. fxe5 Nh7 18. Rf1 Rf8 $11 {Dubov, Daniil - Galkin, A., 1/2-1/2,
World Blitz 2019.}) 10... Rc8 11. e3 (11. Re1 Rc7 (11... Re8 12. Nd2 c5 13. e3
cxd4 14. exd4 Nf8 15. Qe2 Qd7 16. Nf3 dxc4 17. bxc4 Qc7 18. Nb5 Qb8 19. Ne5
Bxg2 20. Kxg2 a6 21. Nc3 Ng6 22. Nf3 Qa8 23. Ne4 {Lysyj, I. - Smirnov, P., 1/
2-1/2, Rapid GP Russia Final, 2016.}) 12. e4 Nxe4 13. Nxe4 dxe4 14. Rxe4 c5 15.
Re2 Bf6 16. d5 exd5 17. cxd5 $11 {Vallejo Pons, Francisco - Aronian, Levon, 1/
2-1/2, Amber-blindfold 15th, 2006.}) (11. Qd3 c5 12. cxd5 Nxd5 13. Nxd5 Bxd5
14. Rfd1 cxd4 15. Nxd4 Rxc1 16. Rxc1 $11 {Oparin, G. - Tang, Andrew, 1-0,
World Blitz 2018.}) (11. Ne5 Nxe5 (11... Ba8 12. Nd3 c5 13. cxd5 Nxd5 14. Nxd5
Bxd5 15. Bxd5 exd5 16. Nf4 Bg5 17. dxc5 Nxc5 18. Qd4 Bf6 19. Qd2 Bxb2 20. Qxb2
Qg5 21. Rfd1 Rcd8 22. Qd2 d4 23. Rc4 Rd7 24. Rxd4 Rfd8 25. Qe3 Rxd4 26. Rxd4 {
Ribli, Zoltan - Lukacs, Peter, 1-0, HUN-ch, 1971.}) 12. dxe5 Ng4 13. e4 Nxe5
14. exd5 cxd5 15. Nxd5 Ng6 16. Nxe7+ Qxe7 17. Qe2 Bxg2 18. Kxg2 Rfd8 19. Rcd1
$14 {Hort, Vlastimil - Antoshin, Vladimir S, 1-0, CSR-ch int, 1971.}) 11... c5
(11... Rc7 12. Qe2 Qb8 13. Rfd1 Rd8 14. Ne1 Rcc8 15. Nd3 h6 16. Nf4 Bd6 17. Nd3
a6 18. e4 $14 {Nikolic, Predrag - Seirawan, Yasser, 1/2-1/2, Hoogovens, 1995.})
12. Ne5 cxd4 13. exd4 Ne4 {After this move, Black has no inconvenience, and
the game is dynamically balanced.} (13... a6) 14. Nxe4 (14. Nb5) 14... dxe4 15.
Qe2 (15. Nxd7) 15... f5 16. Nd3 $6 ({This seems imprecise and gives Black the
more comfortable position. Probably Mareco, playing for a win, did not want to
simplify the game. He should have played} 16. Nxd7 Qxd7 17. f3 exf3 18. Bxf3
Bxf3 19. Rxf3 Bf6 20. Rd1 Rfe8 21. Re3 Rcd8 $11) 16... Bg5 17. Rcd1 Qe8 18. Ne1
({There are no satisfactory alternatives for White. The best choice is} 18. Nb4
{, avoiding the break ...b5 and gaining more control over the square c6.} Be7 (
18... b5 19. cxb5 {[%csl Gc6]}) 19. Nc2 Qg6 20. Ne3 Bd6 21. f4 exf3 22. Bxf3
Bxf3 23. Rxf3 f4 $15) 18... b5 $1 {Typical for Ricardi's aggressive style of
play.} 19. cxb5 Nb6 20. h4 $6 {A weakening, giving Black opportunities to
attack.} ({It could be tried} 20. Nc2 Nd5 21. a4 Qf7 {with a complex position
in which the black game is to be preferred .}) 20... Bh6 21. Nc2 Nd5 22. Na3
Rf7 23. Qe1 g5 $6 ({This is one of the crucial moments of the game. Ricardi
has been very precise in his last moves, but here misses a winning move while
still getting a decisive advantage.} 23... f4 $1 $19 24. Nc4 (24. Bc1 Nc3 25.
Nc4 Nxd1 26. Qxd1 fxg3 27. Bxh6 gxf2+ 28. Rxf2 Rxf2 29. Kxf2 gxh6 30. Qg4+ Qg6
31. Qxg6+ hxg6 $19) (24. Bh3 fxg3 25. fxg3 Rxf1+ 26. Bxf1 (26. Qxf1 Ne3 27. Qe2
Qg6 28. Kh2 Nxd1 $19) 26... Be3+ 27. Kh2 Qf7 28. Bh3 Rf8 29. Nc4 Bf2 30. Ne5
Qf6 31. Ng4 Qf3 32. Nxf2 Qxf2+ 33. Qxf2 Rxf2+ 34. Kg1 Rxb2 $19) 24... f3 25.
Bh3 (25. Bh1 Nf4 26. Kh2 Ne2 $19) 25... Nf4 26. Nd6 Nxh3+ 27. Kh2 Qd7 28. Nxf7
Kxf7 29. Kxh3 Rc2 30. Bc1 e3 $1 $19 {White cannot hold this.}) 24. Nc4 ({
Other options do not relieve White's burden either:} 24. hxg5 Bxg5 25. Nc4 (25.
Bc1 f4 26. Nc4 Rf6 27. Qxe4 Nc3 28. Qe5 Bxg2 29. Qxg5+ Rg6 30. Qh4 Bxf1 31.
Rxf1 fxg3 32. fxg3 Ne2+ 33. Kh2 Nxg3 34. Rg1 Nf5 $19) 25... Rg7 26. Bc1 Qg6 27.
Bxg5 Qxg5 28. Rc1 Rf8 29. Rc2 Qf6 30. Nd6 Ba8 31. Qc1 Qe7 32. Nc4 Nb4 33. Rd2
f4 $19) 24... gxh4 25. Nd6 Qf8 26. Nxf7 ({Not helping either was} 26. Nxc8 Bxc8
27. Bc1 Bb7 28. a4 Qg7 29. a5 Nf4 30. d5 Bxd5 31. a6 Nxg2 32. Kxg2 f4 {with a
devastating attack.}) 26... Qxf7 27. Bc1 Rxc1 $2 {This attractive second
exchange sacrifice is a mistake and lets White back into the game.} ({The
winner move is} 27... h3 $3 28. Bh1 (28. Bxh3 Qh5 29. Bxh6 (29. Bg2 Nf6) 29...
Qxh3 30. Rc1 Re8 31. Qd2 e3 $19) 28... Qh5 $19 29. Kh2 Nf6 30. Bxh6 Ng4+ 31.
Kg1 h2+ 32. Kg2 e3+ 33. f3 Rc2+) 28. Rxc1 hxg3 29. fxg3 Be3+ 30. Kh2 Bxd4 31.
Qe2 $2 (31. Rc4 Qh5+ 32. Bh3 Be5 33. Ra4 Bb8 34. Qd2 {This position is
confusing. Black has a much easier strategy to follow, but White is still in
the game.}) 31... Qg6 32. Bh3 Be5 33. Rg1 (33. Qe1 Qg5 34. Rc6 Bxc6 35. bxc6
Bc7 36. Qf2 Nf6 37. Kh1 e3 38. Qh2 Ne4 $19) 33... Qh6 34. Rcf1 ({White does
not accomplish enough offering an exchange with the following line:} 34. Rc6
Kf7 35. Re1 Nf6 36. Kg2 Qg5 37. Qf2 Bxc6 38. bxc6 Bc7 39. Kh1 Nh5 $19) 34...
Nf6 35. Rf4 Bxf4 $2 ({He had to prepare this capture improving the black king:
} 35... Kf7 36. Rgf1 (36. Rh1 Bxf4 37. gxf4 Qxf4+ 38. Kg1 Qc1+ 39. Kh2 Qc7+ 40.
Kg1 f4 $19) 36... Bd5 37. a4 (37. R1f2 Ke7 38. Rf1 e3 39. Ra4 Ne4 $19) 37...
Bxb3 38. Kg2 Bxf4 39. Rxf4 Nd5 40. Rf2 e3 41. Rf3 Qg7 42. Kh2 Qc3 $19) 36.
gxf4+ Kf7 37. Qg2 $4 (37. Qd2 Qh4 38. Qd6 Ng4+ 39. Rxg4 fxg4 40. Qd7+ Qe7 41.
Qxe7+ Kxe7 42. Bxg4 Bd5 43. Kg2 Kd6 44. Kf2 Kc5 45. Ke3 Kxb5 46. Kd4 $11 Kc6 (
46... Kb4 47. Bh5 h6 48. f5 exf5 49. Kxd5 Kc3 50. Ke5 Kd2 51. b4 e3 52. a4 e2
53. Bxe2 Kxe2 54. a5 Ke3 55. Kxf5 Kd4 56. b5 Kc5 $11) 47. Bh5 Kd6 $11) 37...
Qxf4+ 38. Qg3 Nh5 $2 {This is an error allowing White to get time at the end.
Black should advance the central pawns as quickly as possible.} (38... Qxg3+
39. Kxg3 Nh5+ 40. Kh2 f4 41. Rc1 Bd5 42. a4 e3 $19) 39. Qxf4 Nxf4 40. Rc1 Kf6 {
The endgame is very sharp and always results in a little easier play for Black.
White makes another mistake and finds himself lost again.} 41. Rc7 $2 (41. Bf1
e3 (41... Nd5 42. a4 f4 43. a5 f3 44. b6 axb6 45. a6 Bxa6 46. Bxa6 h5 47. Re1
Ke5 {Here it is not easy to find a winning line for Black. In a tournament
game it is a very unpleasant position for White.} 48. Kg3 h4+ 49. Kxh4 Nb4 50.
Bc4 Kf4 51. Rg1 e3 52. Rg4+ Kf5 53. Rg3 $11) 42. a4 Be4 43. Re1 Nd5 44. Bg2 Ke5
45. a5 f4 46. b6 Nxb6 47. Bxe4 Kxe4 48. axb6 axb6 49. Kg2 e5 50. Rh1 Kd3 51.
Kf3 e4+ 52. Kxf4 e2 53. Ra1 Kd2 54. Ra2+ Kd1 55. Ra1+ Kd2 $11 {Nice variations.
}) 41... Nxh3 42. Kxh3 e3 43. Kg3 Bd5 44. Kf4 e2 45. Rc1 h5 {Black is winning.}
46. Re1 e5+ 47. Ke3 h4 48. Rxe2 h3 (48... f4+ $1 49. Kd3 (49. Kd2 e4 50. b4 e3+
51. Kd3 Kf5 52. Kd4 Bf3 53. Rc2 h3 54. Kc3 Be4 55. Re2 Bd5 56. Rc2 Kg4 57. Kd4
Bf3 58. Rb2 Bg2 59. a4 Kg3 60. Rb1 h2 $19) 49... Kf5 50. Rh2 Kg4 51. Kc3 h3 52.
Rc2 Kg3 $19) 49. Rh2 Bg2 $4 {Allowing the only resource that White has, an
exchange sacrifice to achieve an endgame with equal pawns.} (49... f4+ $1 50.
Kf2 Be6 51. Kf3 Kg5 52. Ke4 Kg4 53. a4 Kg3 54. Rc2 h2 55. Rc3+ f3 56. Rxf3+ Kg2
57. Rf6 Bh3 $19) 50. Kf2 $4 ({As Black cannot move the bishop from g2 due to
exposing the pawn of h3, White should quickly advance his queenside pawns} 50.
a4 $1 Ke6 (50... f4+ 51. Kf2 e4 52. Rxg2 e3+ 53. Kf1 hxg2+ 54. Kxg2 Ke5 55. a5
Kd5 56. b4 Ke4 57. b6 axb6 58. axb6 e2 59. b7 e1=Q 60. b8=Q f3+ 61. Kh3 Qh1+
62. Kg4 Qg2+ 63. Kh4 Qg7 64. Kh3 f2 65. Qb5 Qg1 66. Qc4+ Ke3 67. Qc3+ Ke2 68.
Qc2+ Kf3 69. Qc6+ $11) 51. b4 f4+ 52. Kf2 e4 53. Rxg2 e3+ 54. Kf3 hxg2 55. Kxg2
Ke5 56. a5 Ke4 57. b6 axb6 58. axb6 e2 59. b7 e1=Q 60. b8=Q {transposing to
the variation above.}) 50... e4 $4 (50... Ke6 $1 51. Kg1 (51. a4 Kd5 52. Ke1
Kc5 53. Kf2 f4 54. Rxg2 hxg2 55. Kxg2 e4 56. Kf1 Kd4 57. Ke1 e3 58. a5 Kc5 59.
b6 axb6 60. a6 Kc6 61. b4 b5 $19) 51... Kd5 52. a4 f4 53. a5 Kc5 54. b6 axb6
55. a6 Kc6 56. Kf2 e4 57. Ke1 b5 $19) 51. Rxg2 $11 hxg2 52. a4 Ke5 53. a5 Kd5
54. b4 Kd6 55. Kxg2 {The position is balanced. It is interesting that Black
could lose with 55...Kd5?? 56.a6!+-. A sharp game with mistakes, but a great
fight.} 1/2-1/2

[Event "EU-ch 12th"]
[Site "Aix les Bains"]
[Date "2011.03.24"]
[Round "3"]
[White "Serov, Maksim"]
[Black "Khalifman, Alexander"]
[Result "1/2-1/2"]
[WhiteElo "2352"]
[BlackElo "2637"]
[Annotator "Marchand,A/Primel,D"]
[PlyCount "42"]
[EventDate "2011.03.22"]
[EventType "swiss"]
[EventRounds "11"]
[EventCountry "FRA"]
[SourceTitle "CBM 142 Extra"]
[Source "ChessBase"]
[SourceDate "2011.06.27"]
[SourceVersion "1"]
[SourceVersionDate "2011.06.27"]
[SourceQuality "1"]
[TimeControl "40/5400+30:1800+30"]

1. d4 d5 2. Nf3 Nf6 3. c4 c6 4. Qb3 e6 (4... dxc4 {Probablement un moyen plus
simple d'égaliser et par rapport а la variante 4.Qc2, les Blancs n'ont pas
l'option du gambit RAUZIS} 5. Qxc4 Bf5 (5... Bg4 6. Nc3 Nbd7 7. e4 Bxf3 (7...
e6 8. Be3 Be7 9. Be2 O-O 10. O-O $14) 8. gxf3 e5 9. Be3 (9. dxe5 Nxe5 10. Qe2
Bc5 11. Bd2 Qe7 (11... O-O 12. O-O-O {[%cal Gd1d8]} (12. Rg1 $5 {[%csl Gg1,Rg7]
[%cal Gd2h6]})) 12. f4 $14 {Vitiugov,N (2616)-Lastin,A (2639) RUS-ch Higher
League 61st 2008 (3) 1/2})) 6. g3 e6 7. Bg2 Nbd7 8. O-O Be7 9. Nc3 (9. e3 O-O
10. Qe2 Ne4 (10... c5 11. Rd1 (11. Nc3 Ne4 12. Ne1 $1 Ndf6 13. f3 Nxc3 14. bxc3
$14 {[%cal Ge3e4];Kurajica,B (2529)-Haznedaroglu,K (2439) Mediterranean op-A
4th 2010 (7) 1/2}) 11... Qb6 12. Nc3 cxd4 (12... Rfd8 13. h3 {Wojtkiewicz,A 
(2551)-Kamsky,G (2717) New York Masters 119th rapid 2004 (4) 1/2} (13. e4 Bg4 (
13... Bg6 14. d5 $36 {[%csl Gd1,Gd5]}) 14. Be3 {[%cal Ge3b6]} cxd4 (14... Rac8
15. h3 Bh5 16. g4 Bg6 17. Nh4 $16) 15. Bxd4 $36 {[%csl Rb6]})) 13. Nxd4 Bg4 14.
f3 Bh5 15. e4 e5 16. Na4 Qa5 17. Nf5 $1 Bb4 18. b3 Rfd8 19. a3 $14 {
Wojtkiewicz,A (2539)-Zatonskih,A (2440) USA-ch San Diego 2004 (3) 1/2}) (10...
Qb6 11. Nbd2 {[%csl Rb6][%cal Gd2c4]} Ne4 12. Ne5 Nxe5 13. Nxe4 Nd7 14. Nc3 $14
) 11. Rd1 {[%csl Gc5,Ge5][%cal Gd1d8]} Qc7 12. Ne1 Bg6 13. Nc3 Nxc3 14. bxc3 c5
15. e4 cxd4 16. cxd4 $16 {[%csl Gd4,Ge4]} Rac8 17. Nd3 Rfd8 (17... Qc2) 18. Bb2
Qa5 19. Nf4 Qa4 {[%cal Gc8c2]} 20. d5 $5 {Wojtkiewicz,A (2543)-Stripunsky,A 
(2543) New York Masters 76th rapid 2003 (3) 1-0}) 9... O-O 10. Re1 {[%cal
Ge2e4]} Ne4 11. Qb3 {[%csl Rb7]} Qb6 12. Nh4 Bxh4 13. gxh4 $5 Ndf6 14. f3 Nxc3
15. bxc3 Qc7 16. e4 Bg6 17. Be3 Nh5 18. a4 Qe7 {[%csl Rh4]} 19. Bg5 Qc7 20. Be3
{Nezar,M (2391)-Vernay,C (2441) FRA-chT Top 12 2012 (2.7) 1/2} (20. a5 {
[%csl Rb7][%cal Ge1b1]})) 5. g3 {Retombe sur une Catalane avec une sortie
prématurée de la Q mais c'est un système que jouait Kortchnoi dès les années 50
} Be7 (5... dxc4 6. Qxc4 b5 7. Qb3 (7. Qd3 Bb7 8. Bg2 Nbd7 9. O-O a6 10. Nfd2
Qb6 (10... Qc8 11. a4 b4 12. Nb3 c5 13. Bxb7 Qxb7 $11 {Leitao inf 114}) 11. a4
{El Debs,F (2477)-Leitao,R (2626) BRA-ch 78th Campinas 2011 (2) 0-1})) (5...
Nbd7 6. Nc3 (6. Bg2)) 6. Bg2 O-O 7. Nc3 (7. O-O Nbd7 8. Nc3 (8. Bf4 a5 $1 {
[%csl Rb3][%cal Ga5a4];Giri,A (2711)-Aronian,L (2816) Istanbul ol (Men) 40th
2012 (10.1) 0-1 La sortie Qb3 ne présente pas que des avantages}) (8. Rd1 b6 9.
Nc3) 8... b6 (8... a5 $5) 9. Bf4 Bb7 10. cxd5 exd5 11. Rad1 Re8 12. e4 $1 Nxe4
13. Nxe4 dxe4 14. Ne5 $40 {[%csl Rf7];Rashkovsky,N (2525)-Goloshchapov,A (2446)
RUS-Cup final 1999 (9) 1-0}) (7. Nbd2 $143 Nbd7 8. O-O Qb6 9. c5 Qxb3 10. axb3
a5 11. b4 b6 $1) 7... Nbd7 (7... b6 8. O-O Nbd7 9. Rd1 (9. cxd5 exd5 (9... cxd5
10. Bf4 a6 11. Rac1 (11. a4) 11... b5 12. a4 b4 13. Nb1 Ne8 14. Nbd2 Bb7 15.
Ne5 Nxe5 16. dxe5 a5 17. Nf3 Nc7 18. Be3 Qd7 $11 {Gligoric,S-Eliskases,E
Saltsjobaden Interzonal 1952 (8) 1/2}) 10. Bf4 Bb7 11. Rad1 {[%csl Gc5,Rc6]
[%cal Gd1d5]} (11. Rfe1) 11... Re8 (11... Nh5 $5 {Loevenfisch} 12. Bc1 Qc7 {
[%cal Ga8d8]})) 9... Ba6 10. cxd5 cxd5 11. Nb5 $6 Ne4 12. Bf4 Ndc5 $1 {[%csl
Rb3];Antoshin,V-Spassky,B URS-ch23 Leningrad 1956 1/2}) 8. O-O (8. Bf4 Nh5 $132
{[%cal Gf7f5]}) 8... Nb6 $5 {[%csl Rc4] La Qb3 n'est finalement pas si bien
placée et la pression du Nb6 sur le Pc4 force les Blancs а faire une concession
} (8... b6 {La grande ligne}) (8... Qb6 9. c5 Qxb3 10. axb3 $14 {[%csl Ga1]
[%cal Gb3b4,Gb4b5]}) 9. cxd5 {C'est rarement un bon choix dans la Catalane
mais les Blancs n'ont pas vraiment le choix.} (9. c5 Nbd7 10. Bf4 b6 $11 {
Nikolaev,N (2330)-Nikolaev,V (2280) St Petersburg White Nights op 1998 (5) 1/2}
) 9... exd5 (9... Nbxd5) 10. Ne5 (10. Bf4) (10. Rd1) 10... Ng4 (10... Bf5) 11.
Nd3 $1 $14 {[%csl Gc5]} Nc4 (11... Re8 $132 {[%csl Re2][%cal Ge7f8]}) 12. Rd1
$146 (12. Bf4 Bd6 13. Rfd1 Qc7 14. Bxd6 $14 {[%csl Rc8];Kortschnoj,V-Vittiglio,
G 1st StudWTCh final 1954 (3) 1-0}) (12. Qc2 {[%cal Gb2b3]} Re8 13. b3) 12...
Nf6 13. Bf4 Nd6 14. Bxd6 $6 {Les Blancs veulent pousser "e4" mais les nombreux
échanges qui vont suivre vont amoindrir le potentiel dynamique des Blancs au
centre alors que le Pd4 sera une faiblesse structurelle} (14. Rac1) 14... Bxd6
15. e4 {[%csl Rd4]} dxe4 16. Nxe4 Nxe4 17. Bxe4 Qf6 $11 {[%csl Rd4]} 18. Nc5
Rb8 19. Rac1 Kh8 (19... Bg4 $11) 20. Bf3 Qe7 21. Re1 Qd8 1/2-1/2

[Event "EU-Cup 23rd"]
[Site "Kemer"]
[Date "2007.10.06"]
[Round "4.1"]
[White "Eljanov, Pavel"]
[Black "Asrian, Karen"]
[Result "1/2-1/2"]
[WhiteElo "2681"]
[BlackElo "2623"]
[Annotator "Marin,M"]
[PlyCount "62"]
[EventDate "2007.10.03"]
[EventType "team-swiss"]
[EventRounds "7"]
[EventCountry "TUR"]
[SourceTitle "CBM 121"]
[Source "ChessBase"]
[SourceDate "2007.11.14"]
[SourceVersion "1"]
[SourceVersionDate "2007.11.14"]
[SourceQuality "1"]
[WhiteTeam "Ashdod"]
[BlackTeam "Yerevan"]
[WhiteTeamCountry "ISR"]
[BlackTeamCountry "ARM"]

1. d4 e6 2. c4 Nf6 3. Nf3 d5 4. g3 Bb4+ 5. Bd2 Be7 6. Bg2 O-O 7. O-O c6 8. Bf4
Nbd7 9. Nc3 Nh5 10. Bc1 Nhf6 11. Qd3 {This move has been out of fashion for a
long time and probably rightly so. The queen will soon become vulnerable.} (11.
Qb3 {and}) (11. Nd2 {offer Black less possibilites of counterplay.}) 11... b6
12. e4 Ba6 13. b3 dxc4 $1 ({White has been quite succesful in the past after} 
13... Rc8 14. Rd1 c5 15. exd5 exd5 16. Bb2) 14. bxc4 e5 {This well-timed pawn
break leaves White hanging in the centre.} 15. dxe5 ({The main alternative is} 
15. Rd1 {, trying to catch up with the development. The most consistent move
seems to be} Qc7 {Psakhis,L (2605)-Miladinovic,I (2500)/Moscow 1994/CBM 045/
[Shipov] (0-1, 21). , maintaining the tension and continuing the own
development.} ({Black was successful with} 15... exd4 {Piket,J (2605)
-Polugaevsky,L (2595)/Aruba 1994/CBM 040/[Ambroz] (0-1, 33) , but the
situation was far from clear. The early release of the tension in the centre
looks a bit like a concession.}) (15... Bb4 16. Bb2 exd4 17. Nxd4 Ne5 18. Qc2
Qc8 19. Nf5 Re8 20. Qc1 h6 21. Ne2 Bc5 22. Nf4 Nfg4 23. Bd4 Bf8 24. h3 c5 25.
Bc3 Nf6 26. Nd5 Nfd7 27. f4 $36 {Inkiov,V-Letzelter,JC/Buenos Aires olm/1978/
1-0 (32)})) 15... Ng4 16. Bf4 Nc5 (16... g5 $5 {looks risky, but is not easy
to refute.} 17. Rad1 (17. Bh3 Ndxe5 18. Nxe5 Nxe5 19. Qxd8 Nf3+ 20. Kg2 Raxd8
21. Kxf3 gxf4 $17) (17. e6 fxe6 18. Bh3 h5) (17. Nxg5 Ngxe5 18. Qe3 Nxc4 $132 {
Kouatly,B (2450)-Pfleger,H (2485)/Royan 1988/CBM 009 (0-1, 34)}) 17... gxf4 18.
gxf4 $5 (18. Qxd7 Qxd7 19. Rxd7 Bb4 20. Rc1 fxg3 21. hxg3 Rfd8 $132) 18...
Ndxe5 $1 (18... Nc5 19. Qe2 $44 {[%csl Rg4][%cal Gf3d4,Gd4f5]}) 19. Nxe5 Qxd3 (
19... Nxe5 20. Qg3+ $1 $18) 20. Nxd3 Bxc4 $132 {and White seems to be missing
just one tempo to put his formidable mass of pawns into motion.}) 17. Qd1 $5
$146 {An interesting concept. This paradoxical retreat creates the potential
threats Nd4 (פg4) and, if the c5-knight moves away, Qa4 (ץa6). White hopes
to tempt his opponent to exchange on d1 himself, thus allowing him to be the
first to occupy the d-file with a rook.} ({The previously played} 17. Qxd8 {
leads to a complicated fight.} Rfxd8 18. h3 Nh6 19. Rfd1 Bxc4 20. Nd4 Rac8 21.
Bxh6 gxh6 22. Nf5 Bf8 23. Nd6 Bxd6 24. exd6 Nd3 25. Rd2 Rxd6 26. Rad1 f6 $2 (
26... b5 $13 {[%csl Gc4]}) 27. Bf1 Rcd8 28. Ne2 {1-0 (?!) Vaganian,R (2640)
-Mueller,M (2375)/Germany 1995/GER-chT} Bb5 29. Nf4 Ba4 30. Bxd3 Bxd1 31. Rxd1
$14) 17... Nd3 (17... Bxc4 18. Nd4 $1 Bxf1 19. Bxf1 Re8 (19... Rc8 20. Nf5 $36
Qxd1 $2 21. Nxe7+ $18) (19... Bg5 20. Nxc6 Qxd1 21. Rxd1 Bxf4 22. gxf4 $44) 20.
Nxc6 Qxd1 21. Rxd1 $44) 18. Qa4 {[%csl Ra6,Rc6] One of the main points behind
White's previous play. However, he has moved his queen around too much to have
chances for an advantage.} Bc5 $5 (18... Bb7 19. Rad1 $16) (18... Ngxf2 $5) 19.
Rad1 Bxf2+ 20. Rxf2 Ngxf2 21. Rd2 Qe7 22. Be3 Ng4 23. Rxd3 Nxe3 24. Rxe3 {
White has won material, but his structure is disastruous and his piece
coordination rather poor. His novelty did not manage to change theory's
verdict on the whole variation.} Qc5 $44 25. Kf2 Bxc4 26. Nb1 b5 27. Qc2 Qb6
28. Nbd2 Be6 29. Nb3 Rad8 30. Bf1 a5 31. Qc5 Qxc5 1/2-1/2